[Event "Olympiad Women-41"]
[Site "Tromsoe"]
[Date "2014.08.12"]
[Round "10.2"]
[White "Murray, Donna"]
[Black "Zengeni, Tatenda Melisa"]
[Result "0-1"]
[WhiteElo "1454"]
[BlackElo "1660"]
[PlyCount "106"]
[EventDate "2014.08.02"]
[EventType "team-swiss"]
[EventRounds "11"]
[EventCountry "NOR"]
[SourceTitle "CBM 162"]
[Source "ChessBase"]
[SourceDate "2014.09.17"]
[SourceVersion "1"]
[SourceVersionDate "2014.09.17"]
[SourceQuality "1"]
[WhiteTeam "Barbados (W)"]
[BlackTeam "Zimbabwe (W)"]
[WhiteTeamCountry "BAR"]
[BlackTeamCountry "ZIM"]

1. d4 Nf6 2. Nf3 e6 3. c4 b6 4. Nc3 Bb7 5. Bg5 d5 6. e3 Bd6 7. Rc1 Nbd7 8. Bd3 h6 9. Bh4 0-0 10. 0-0 a6 11. a3 c5 12. cxd5 exd5 13. dxc5 Nxc5 14. Bb1 Re8 15. Qc2 Nce4 16. Rfd1 g5 17. Bg3 Nxg3 18. hxg3 Qd7 19. Nd4 Bf8 20. Qb3 b5 21. Ba2 Rad8 22. Qc2 Bg7 23. b4 Qe7 24. Qd2 Ne4 25. Nxe4 dxe4 26. Rc5 Bxd4 27. exd4 e3 28. Qd3 exf2+ 29. Kxf2 Qe4 30. Qf3 Qxf3+ 31. gxf3 Re7 32. d5 Red7 33. Ke3 Kg7 34. Ke4 Kf6 35. Ke3 Rd6 36. g4 Ke5 37. Rc7 Bxd5 38. Bxd5 Rxd5 39. Rxd5+ Rxd5 40. Rxf7 Rd6 41. Rf5+ Ke6 42. a4 Rd5 43. Rxd5 Kxd5 44. a5 Kc4 45. f4 gxf4+ 46. Kxf4 Kxb4 47. Kf5 Kc4 48. Kg6 b4 49. Kxh6 b3 50. g5 b2 51. g6 b1Q 52. Kh7 Kb5 53. Kg7 Kxa5 0-1

[Event "Olympiad Women-41"]
[Site "Tromsoe"]
[Date "2014.08.09"]
[Round "7.2"]
[White "Khamboo, Monalisa"]
[Black "Zengeni, Tatenda Melisa"]
[Result "0-1"]
[WhiteElo "1771"]
[BlackElo "1660"]
[PlyCount "94"]
[EventDate "2014.08.02"]
[EventType "team-swiss"]
[EventRounds "11"]
[EventCountry "NOR"]
[SourceTitle "CBM 162"]
[Source "ChessBase"]
[SourceDate "2014.09.17"]
[SourceVersion "1"]
[SourceVersionDate "2014.09.17"]
[SourceQuality "1"]
[WhiteTeam "Nepal (W)"]
[BlackTeam "Zimbabwe (W)"]
[WhiteTeamCountry "NEP"]
[BlackTeamCountry "ZIM"]

1. d4 Nf6 2. c4 e6 3. Bf4 b6 4. Nf3 Bb7 5. e3 Bb4+ 6. Nc3 0-0 7. Bd3 d5 8. 0-0 a6 9. Rc1 Bd6 10. Bxd6 cxd6 11. cxd5 Nxd5 12. a3 Nd7 13. Nxd5 Bxd5 14. e4 Bb7 15. Re1 h6 16. b4 Re8 17. Qd2 e5 18. d5 Nf6 19. Rc3 Qd7 20. Qe3 b5 21. Nd2 Bxd5 22. Rec1 Be6 23. Rc7 Qd8 24. f3 Re7 25. Qb6 Rxc7 26. Rxc7 Ne8 27. Rc6 Qxb6+ 28. Rxb6 d5 29. exd5 Bxd5 30. Kf2 Nf6 31. Ke3 Kf8 32. Ne4 Nxe4 33. Bxe4 Bxe4 34. Kxe4 f6 35. Kd5 Ra7 36. Kc6 Ke7 37. Rb7+ Rxb7 38. Kxb7 f5 39. Kxa6 e4 40. Kxb5 e3 41. a4 e2 42. a5 e1Q 43. a6 Qe3 44. Kc6 Qc3+ 45. Kb6 Qxb4+ 46. Ka7 Kd7 47. h4 Kc7 0-1

[Event "Olympiad Women-41"]
[Site "Tromsoe"]
[Date "2014.08.04"]
[Round "3.2"]
[White "Zengeni, Tatenda Melisa"]
[Black "Lim, Hakyung"]
[Result "0-1"]
[WhiteElo "1660"]
[BlackElo "1567"]
[PlyCount "66"]
[EventDate "2014.08.02"]
[EventType "team-swiss"]
[EventRounds "11"]
[EventCountry "NOR"]
[SourceTitle "CBM 162"]
[Source "ChessBase"]
[SourceDate "2014.09.17"]
[SourceVersion "1"]
[SourceVersionDate "2014.09.17"]
[SourceQuality "1"]
[WhiteTeam "Zimbabwe (W)"]
[BlackTeam "South Korea (W)"]
[WhiteTeamCountry "ZIM"]
[BlackTeamCountry "KOR"]

1. d4 d5 2. Nf3 Nf6 3. e3 Bf5 4. Bd3 Bxd3 5. Qxd3 e6 6. b3 c6 7. Bb2 Nbd7 8. Nbd2 Bd6 9. 0-0 0-0 10. e4 dxe4 11. Nxe4 Nxe4 12. Qxe4 Nf6 13. Qe2 Qe7 14. Rad1 Rad8 15. Rfe1 Rfe8 16. Ne5 Ba3 17. Bxa3 Qxa3 18. c3 a5 19. Nc4 Qe7 20. Nxa5 Nd5 21. Qb2 Ra8 22. b4 Qc7 23. Ra1 b6 24. Nc4 Ra4 25. Qc2 Rea8 26. a3 Qb7 27. Ra2 Nc7 28. Nd6 Qa6 29. Rea1 Nb5 30. Nxb5 Qxb5 31. c4 Qg5 32. g3 Qd8 33. Qc3 h6 0-1